00554 2200193 4500001002100000005001500021035002000036245008900056100002400145300002600169260004300195082001000238084001600248020002200264600002400286990001600310990001700326990001700343INLIS00000000000151320260701074728 a0010-07260000021 aAnalisisEkologis Kelayakan Lokasi Persemaian Mangrove Permanen /cErny Poedjirahajoe0 aPoedjirahajoe, Erny a130 hlm ;c16 X 23 cm aYogyakarta :bGosyen Publishing,c2024 a577.6 a577.6 POE a a978-623-6913-45-1 4aPersemaian Mangrove a4918PP/2026 a4919/PP/2026 a4920/PP/2026